00613 2200229 4500001002100000005001500021035002500036090001900061245006300080260003600143300002400179008004100203082001500244084001700259100001700276650002200293040001700315250001900332850001200351041000800363990001200371YOGYA00000000001755420181228022645 a0010-081400000017272 aL 297.01 THA b1 aBerita lama menghadapi kesadaran baru /coleh Thaha Mahsun3 aSurabaja :bSalim Nabhan,c1935 a44 halaman ;c19 cm181102s1935 jii f ind d04223a297.01 a297.01 THA b0 aThaha Mahsun 4aIslam--xFilsafat aYOPDYOGbind aTjetakan kedua aYOPDYOG0 aind a39390-b